Barrios de Buenos Aires - Estadísticas

Estadísticas generales
  • Esta prueba ha sido intentada 13.674 veces
  • La puntuación promedio es 30 de 48
Respuestas en el mapa
Las respuestas están codificadas por una escala verde-roja en el mapa de la prueba según el % correcto abajo.
 
Estadísticas de respuestas
Barrio % Correcto
Palermo
93%
La Boca
91%
Belgrano
86%
Puerto Madero
86%
Nuñez
84%
Recoleta
82%
Caballito
81%
Flores
81%
Retiro
77%
Almagro
75%
Liniers
73%
Floresta
72%
San Telmo
72%
Barracas
70%
Boedo
69%
Chacarita
68%
Parque Patricios
68%
Villa Urquiza
67%
Constitución
65%
Mataderos
65%
VIlla Crespo
65%
Saavedra
64%
Villa Devoto
64%
Villa Lugano
64%
Balvanera
63%
Colegiales
63%
Monserrat
62%
La Paternal
61%
Parque Avellaneda
58%
Coghlan
57%
Parque Chas
56%
San Nicolás
56%
Villa Soldati
56%
Agronomía
54%
Nueva Pompeya
54%
Villa del Parque
54%
Villa Luro
53%
Parque Chacabuco
52%
Villa Pueyrredón
49%
San Cristóbal
47%
Vélez Sarsfield
47%
Villa Ortúzar
47%
Villa Riachuelo
46%
Villa Santa Rita
46%
Versalles
44%
Villa Gral. Mitre
40%
Villa Real
38%
Monte Castro
37%
No se encontraron pruebas coincidentes
Distribución de puntuación
Porcentaje de gente con cada puntuación
Porcentaje por número respondido
Historial de tus puntuaciones
No has intentado esta prueba.